000 00729nam a2200241 a 4500
001 BRCA_3753
005 20190320204418.0
008 030611s2003 mx-a---##c---#000-0#spa-#
020 _a9686796266
020 _a9686747705
041 _aspa
044 _amx
050 4 _aN6555
_b.B54 2003
245 1 0 _aGanadores Bienal Monterrey
_ctextos Xavier Moyssén L., Raquel Tibol.
260 _aMéxico
_bFEMSA : Museo Amparo
_c2003
300 _a72 p.
_bil. (algunas a color)
_c28 cm.
500 _aQuinta Bienal Monterrey,2003
650 1 4 _aArte mexicano
_vExposiciones
_ySiglo XX
_92618
700 1 _aMoyssén L., Xavier
_99785
700 1 _aTibol, Raquel
_95076
710 2 _aMuseo Amparo (Puebla, Mexico)
_974
942 _2lcc
_cB
999 _c3482
_d3482